[Event "Villahermosa Tabasco-ch"]
[Site "Villahermosa"]
[Date "2023.08.05"]
[Round "6"]
[White "Beltran Herrera, Hedder Miguel"]
[Black "Liewald Suarez, Agatha Adaluz"]
[Result "1-0"]
[WhiteElo "1631"]
[BlackElo "1257"]
[PlyCount "115"]
[EventDate "2023.08.04"]
[EventType "swiss"]
[EventRounds "9"]
[EventCountry "MEX"]
[SourceTitle "CBM 215 Extra"]
[Source "ChessBase"]
[SourceDate "2023.09.30"]
[SourceVersion "1"]
[SourceVersionDate "2023.09.30"]
[SourceQuality "1"]

1. d4 e6 2. c4 f5 3. Nf3 Nf6 4. Nc3 b6 5. g3 Bb7 6. Bg2 d5 7. Ne5 Nc6 8. Qa4 Qd6 9. Bf4 Qb4 10. Nxc6 Qxa4 11. Nxa4 Bxc6 12. Nc3 Kd7 13. cxd5 Nxd5 14. Nxd5 Bxd5 15. 0-0 Bxg2 16. Kxg2 Be7 17. Rfd1 c6 18. f3 g5 19. Be5 Rhg8 20. e4 Bd6 21. Bxd6 Kxd6 22. b4 h5 23. Rac1 Rac8 24. Rc3 f4 25. Ra3 Rc7 26. Rd2 b5 27. Rc3 Rd8 28. Rc5 Rg8 29. Rdc2 fxg3 30. hxg3 h4 31. g4 a6 32. d5 e5 33. Rxc6+ Rxc6 34. Rxc6+ Ke7 35. Re6+ Kd7 36. Rxe5 Kc7 37. Re6 Kb7 38. Rc6 Re8 39. Rg6 Re5 40. Kf2 Re7 41. d6 Rh7 42. Rxg5 Kc6 43. e5 h3 44. Rh5 Rf7 45. Rxh3 Rf4 46. a3 Rc4 47. Rh8 Kd7 48. Ra8 Rc2+ 49. Kg3 Ke6 50. Re8+ Kd7 51. Re7+ Kd8 52. g5 Rc1 53. Kf4 Rc4+ 54. Kf5 Rc3 55. f4 Rxa3 56. Ra7 Ra4 57. e6 Rxb4 58. Ra8# 1-0